Szczegóły MARC21

Wielka encyklopedia gier. Gry pod dachem /

005 -DATA I CZAS OSTATNIEJ MODYFIKACJI [,]
    • @
    • pole kontrolne
    • 20160201085333.0
020 -Międzynarod. znormalizowany nr książki - ISBN [ , ]
    • a
    • Numer ISBN
    • 9788360560792 Find
040 -Instytucja sporządzająca opis [ , ]
    • a
    • Instytucja, która sporządziła opis (NP)
    • SZCZ U/KLR
    • c
    • Instytucja, która sporządziła rekord (NP)
    • SZCZ U/KLR
    • d
    • Instytucja, która zmodyfikowała rekord (P)
    • SZCZ U/MS
041 -Język dokumentu [1, ]
    • a
    • Język tekstu (P)
    • polski
    • h
    • Język tekstu oryginalnego i/lub pośredniego (P)
    • czeski
044 -Kraj miejsca wydania [ , ]
    • a
    • Kraj miejsca wydania
    • Polska
942 -Rodzaj dokumentu [ , ]
    • c
    • Rodzaj dokumentu
    • Książka
100 -Hasło główne - nazwa osobowa [1, ]
    • 9
    • KHW
    • 89265
    • a
    • Nazwa osobowa (NP)
    • Zapletal, Miloš
    • d
    • Daty biograficzne (NP)
    • (1930- ).
245 -Strefa tytułu i oznaczenia odpowiedzialności [1,0]
    • a
    • Tytuł
    • Wielka encyklopedia gier. Gry pod dachem / Find
    • c
    • Pozostałe elementy strefy tytułu i oznaczenia odpowiedzialności (NP)
    • Miloš Zapletal ; [tł. Olga Stawińska i Jakub Rudnicki].
246 -Wariant tytułu [1, ]
    • a
    • Tytuł (NP)
    • Velká encyklopedie her. Hry v klubovně.
    • i
    • Tekst wyświetlany na ekranie monitora (NP)
    • Tyt. oryg.
246 -Wariant tytułu [3,5]
    • a
    • Tytuł (NP)
    • Gry w klubie
260 -Strefa adresu wydawniczego [ , ]
    • c
    • Data wydania (P)
    • 2013.
    • a
    • Miejsce wydania (P)
    • Kraków :
    • b
    • Nazwa wydawcy (P)
    • Oficyna Wydawnicza Text,
300 -Strefa opisu fizycznego [ , ]
    • a
    • Określenie formy książki i/lub objętość (NP)
    • 440 s. :
    • b
    • Oznaczenie ilustracji (NP)
    • il. ;
    • c
    • Format (NP)
    • 21 cm.
490 -Strefa serii i książki wielotomowej - forma nie do wyszukiwania [1, ]
    • a
    • Tytuł (P)
    • Biblioteka Kręgu Płaskiego Węzła ; Find
    • v
    • Numeracja (P)
    • 14
830 -Hasło dodatkowe serii i opisu książki wielotomowej - tytuł ujednolicony/tytuł [ ,0]
    • 9
    • KHW
    • 89266
    • a
    • Tytuł ujednolicony/tytuł (NP)
    • Biblioteka Kręgu Płaskiego Węzła
    • v
    • Oznaczenie tomu (NP)
    • 14
500 -Uwaga ogólna [ , ]
    • a
    • Uwaga ogólna (NP)
    • Tłumaczenie na podst. wyd. z 1986 r.
504 -Uwaga dot. bibliogr. załącznikowej [ , ]
    • a
    • Uwaga dot. bibliografii załącznikowej
    • Bibliogr.
080 -Uniwersalna Klasyfikacja Dziesiętna [ , ]
    • 2
    • Identyfikator wydania tablic
    • UDC-P058
    • 9
    • UKD
    • 6266
    • a
    • Symbol klasyfikacji
    • 793.7
    • b
    • Dopowiedzenie
    • Zabawy, gry i rozrywki umysłowe. Zagadki. Łamigłówki.
    • 4
    • UKD2
    • 8297
    • x
    • Poddział wspólny
    • (03)
    • c
    • Dopowiedzenie poddz. wspólnego
    • (Encyklopedie. Słowniki encyklopedyczne. Wydawnictwa informacyjne).
080 -Uniwersalna Klasyfikacja Dziesiętna [ , ]
    • 2
    • Identyfikator wydania tablic
    • UDC-P058
    • 9
    • UKD
    • 6269
    • a
    • Symbol klasyfikacji
    • 794
    • b
    • Dopowiedzenie
    • Gry towarzyskie stołowe. Gry planszowe. Warcaby. Domino. Układanki. Gry dziecięce.
    • 4
    • UKD2
    • 8297
    • x
    • Poddział wspólny
    • (03)
    • c
    • Dopowiedzenie poddz. wspólnego
    • (Encyklopedie. Słowniki encyklopedyczne. Wydawnictwa informacyjne).
980 -Symbol UKD [ , ]
    • a
    • UKD
    • 793.7:794](03)
700 -Hasło dodatkowe - nazwa osobowa [1, ]
    • 9
    • KHW
    • 89267
    • a
    • Nazwa osobowa (NP)
    • Stawińska, Olga. Find
    • e
    • Określenie rodzaju współpracy
    • Tł.
    • d
    • Daty biograficzne (NP)
    • (1986- ).
700 -Hasło dodatkowe - nazwa osobowa [1, ]
    • 9
    • KHW
    • 89268
    • a
    • Nazwa osobowa (NP)
    • Rudnicki, Jakub. Find
    • e
    • Określenie rodzaju współpracy
    • Tł.
710 -Hasło dodatkowe - nazwa ciała zbiorowego [2, ]
    • 9
    • KHW
    • 56948
    • 4
    • Kod relacji
    • pbl
    • a
    • Nazwa ciała zbiorowego lub nazwa geograficzna jako pierwszy element (NP)
    • Oficyna Wydawnicza Text.
920 -ISBN [ , ]
    • a
    • ISBN
    • 978-83-60560-79-2 Find
Lokalizacja Status udost. Sygnatura Data inwentaryzacji Numer inwentarzowy
BM1Gry i zabawy 702016-01-08WF.9871